Ramón Villeda Morales Destinations (San Pedro Sula, Honduras) - Map - Statistics

General Stats
  • This quiz has been taken 17 times
  • The average score is 15 of 17
Answers on the Map
Answers color-coded by a green-red scale on the quiz's map according to % correct below.
 
Answer Stats
Destination % Correct
Atlanta
100%
Houston (Intercontinental)
100%
Madrid
100%
Mexico City
100%
Miami
100%
New Orleans
100%
New York (JFK)
100%
Orlando
100%
San José (CR)
100%
Guatemala City
93%
Newark
93%
Panama City (Tocumen)
93%
San Salvador
93%
Belize City
87%
Fort Lauderdale
67%
Roatán
53%
La Ceiba
20%
No matching quizzes found
Score Distribution
Percent of People with Each Score
Percentile by Number Answered
Your Score History
You have not taken this quiz